000 00525nam a2200181 i 4500
001 21106
003 ES-MaACL
005 20230906152423.0
007 t|
008 021121s1969 sp ||||1| spa d
100 1 _aAgnon, S. J.
_918566
245 1 0 _aAyer y anteayer /
_cpor S. J. Agnon ; traducción de Etty Elkin de Höter.
250 _a1ª ed.
260 _aBarcelona, etc :
_bPlaza & Janés,
_c1969.
300 _a564 p. ;
_c19 cm.
700 1 _aElkin de Höter, Etty.
_947016
852 _aES-MaACL
_jC-35609
_bR.68750
999 _c21106
_d21106